[Event "93rd ARG-ch 2018"]
[Site "Laprida"]
[Date "2018.07.30"]
[Round "13"]
[White "Perez Ponsa, Federico"]
[Black "Villanueva, Mario"]
[Result "1/2-1/2"]
[WhiteElo "2547"]
[BlackElo "2481"]
[Annotator "TA"]
[PlyCount "37"]
[EventDate "2018.07.17"]
[EventType "tourn"]
[EventCountry "ARG"]
[SourceTitle "playchess.com"]
[Source "ChessBase"]
[SourceQuality "1"]

{[%evp 23,37,20,30,6,9,0,0,0,26,-19,12,19,5,9,19,14]} 1. e4 e5 2. Nf3 Nf6 3. Nxe5 d6 4. Nf3 Nxe4 5. d4 d5 6. Bd3 Be7 7. O-O Bf5 8. Re1 O-O 9. Nc3 {C42: Petroff Defence: 3 Nxe5 and unusual White 3rd moves} Nxc3 10. bxc3 Bxd3 11. cxd3 (11. Qxd3 Nc6 12. Re2 a6 13. Bf4 Qd7 14. Rae1 Rfe8 15. h4 h6 16. Qe3 b5 {½-½ (60) Nepomniachtchi,I (2757)-Giri,A (2782) Dortmund 2018}) 11... Nc6 12. Rb1 {[%cal Ba1b1,Bb1b2,Bb2e2][%mdl 32]} Rb8 {LiveBook: 7 Games} 13. Qa4 a6 14. Rb2 $146 ({Predecessor:} 14. Ne5 Nxe5 15. dxe5 Qc8 16. f4 Qe6 17. Be3 {½-½ (35) Dastan,B (2402)-Koksal,E (2228) Porto Carras 2013}) 14... b5 15. Qb3 b4 16. Rbe2 bxc3 {The position is equal.} 17. Qxc3 Rb6 {Hoping for ...Bb4.} 18. Ba3 Bxa3 19. Qxa3 1/2-1/2

[Event "93rd ARG-ch 2018"]
[Site "Laprida"]
[Date "2018.07.30"]
[Round "13"]
[White "Real De Azua, Ernesto"]
[Black "Benedetti, Julio"]
[Result "1/2-1/2"]
[WhiteElo "2496"]
[BlackElo "2364"]
[Annotator "TA"]
[PlyCount "71"]
[EventDate "2018.07.17"]
[EventType "tourn"]
[EventCountry "ARG"]
[SourceTitle "playchess.com"]
[Source "ChessBase"]
[SourceQuality "1"]

{[%evp 14,71,52,47,85,85,90,70,135,110,121,87,94,87,81,86,73,86,83,27,71,56,81,93,105,52,75,53,75,75,75,75,70,81,60,64,99,89,100,93,102,93,73,28,42,39,47,15,80,80,80,60,81,28,21,0,0,0,0,0]} 1. d4 Nf6 2. c4 g6 3. Nc3 Bg7 4. e4 d6 5. f3 Na6 6. Be3 c5 7. Nge2 O-O 8. Qd2 {LiveBook: 9 Games} Nb4 {E81: King's Indian: Sämisch: 6th move deviations (including 6 Be3 c6)} (8... cxd4 9. Nxd4 Nc5 10. Be2 Bd7 11. O-O Qb8 12. Rfd1 Rc8 13. Rac1 a6 14. Bf1 Ne6 15. Nb3 b5 16. Nd5 Nxd5 17. cxd5 Nd8 {1-0 (30) Mecking,H (2578)-Martinez,C (2501) Campinas 2011}) 9. d5 Nd7 10. a3 Qa5 (10... Na6 $14) 11. Rc1 Na6 12. Ng3 $146 ({Predecessor:} 12. Bh6 Ne5 13. Ng3 Nc7 14. Bxg7 Kxg7 15. f4 Ng4 16. Bd3 {½-½ (44) Wenzel,M-Rahn,V Willingen 1999}) 12... Re8 13. Be2 Nc7 14. O-O b5 15. cxb5 a6 {[%cal Ra6b5] [#]} 16. a4 (16. b6 $1 $16 {[%cal Rb6c7]} Qxb6 17. b4) 16... Nb6 17. b3 e6 18. dxe6 Nxe6 19. Nb1 ({White should try} 19. bxa6 $16 Bxa6 20. Bxa6 Rxa6 21. Rfd1) 19... Qxd2 20. Nxd2 Nd4 21. Bxd4 Bxd4+ 22. Kh1 h5 {[#] Threatens to win with ...h4.} 23. Nc4 Nxc4 24. Bxc4 ({Don't blunder} 24. bxc4 $2 h4 $19) 24... Be6 25. Ne2 ({Reject} 25. bxa6 Bxc4 26. Rxc4 Rxa6 $11) 25... Be3 26. Rc3 Bh6 27. bxa6 Bg7 28. Bxe6 fxe6 29. Rd3 Rxa6 30. Nc3 {Black must now prevent Nb5.} Bxc3 (30... c4 $1 $11 31. bxc4 Rc8) 31. Rxc3 $11 {KRR-KRR} Rb8 32. Rd1 Kf7 33. e5 (33. h4 $16) 33... dxe5 34. Rxc5 {The position is equal.} Rxb3 35. Rxe5 Rxa4 36. Re2 {Precision: White = 49%, Black = 50%.} 1/2-1/2

[Event "93rd ARG-ch 2018"]
[Site "Laprida"]
[Date "2018.07.30"]
[Round "13"]
[White "Acosta, Pablo Ismael"]
[Black "Paveto, Kevin"]
[Result "1-0"]
[WhiteElo "2432"]
[BlackElo "2416"]
[Annotator "TA"]
[PlyCount "83"]
[EventDate "2018.07.17"]
[EventType "tourn"]
[EventCountry "ARG"]
[SourceTitle "playchess.com"]
[Source "ChessBase"]
[SourceQuality "1"]

{[%evp 24,83,16,9,23,20,20,15,10,12,20,16,0,-70,-71,-118,-84,-89,-62,-64,-58,-60,-71,-64,-12,-11,-10,-13,-19,-82,-78,-91,-87,-113,-108,-193,-87,-91,-87,-103,-87,-95,-83,-83,-45,-41,167,154,379,229,438,431,410,267,313,273,3025,3062,5206,5185,2267,1903]} 1. c4 e5 2. g3 Nf6 3. Bg2 d5 4. cxd5 Nxd5 5. Nc3 Nb6 6. Nf3 Nc6 7. O-O Be7 8. Rb1 a5 9. d3 O-O {A29: English Opening: Four Knights Variation with 4 g3} 10. b3 (10. Be3 Be6 11. Bxb6 cxb6 12. a3 f5 13. e3 Bf6 14. Rc1 Kh8 15. Re1 Bf7 16. Nb5 Bh5 17. Qc2 {0-1 (39) So,W (2812)-Karjakin,S (2781) Paris 2017 CBM 179 [Yermolinsky,A]}) 10... Re8 11. Bb2 Bf8 12. Nd2 Nd4 13. e3 {LiveBook: 3 Games} Ne6 14. Nc4 Nxc4 15. dxc4 {[#]} Nc5 $146 ({Predecessor:} 15... f6 16. Qc2 c6 17. Kh1 Nc5 18. Ba3 Qd3 19. Qxd3 Nxd3 20. Bxf8 Rxf8 21. Rbd1 Nc5 22. Rd2 Bg4 {½-½ (22) Konjevic,D (2470)-Herb,P (2540) ICCF corr 1998}) 16. Qxd8 Rxd8 17. Nd5 Bf5 18. Rbd1 ({Better is} 18. Nxc7 $11 Bxb1 19. Rxb1) 18... c6 $1 $15 {[%cal Rc6d5]} 19. Nc3 f6 20. Ba3 Bg4 21. Rxd8 Rxd8 22. h3 Be6 23. g4 Rd3 ({Black should play} 23... g6 $15) 24. Ne4 $11 Nxe4 25. Bxe4 {[#] And now Bxf8 would win.} Rd2 26. Bxf8 (26. Bc1 $11 Rd8 27. Kg2) 26... Kxf8 $17 27. Bxh7 Rxa2 $11 {[%mdl 4096] Endgame KRB-KRB} 28. Rb1 Ke7 29. Bf5 (29. c5 $17 {keeps fighting.}) 29... b5 (29... Bxf5 $19 {has better winning chances.} 30. gxf5 b5) 30. Bxe6 $17 Kxe6 31. cxb5 cxb5 {KR-KR} 32. h4 Kd5 33. h5 Kc5 34. Rc1+ Kb4 $2 (34... Kb6 $15 {keeps the upper hand.}) 35. Rc7 $18 a4 $2 (35... Rd2 $16 {might work better.}) 36. bxa4 Rxa4 $2 (36... bxa4 {is a better defense.} 37. Rxg7 Rd2) 37. Rxg7 e4 38. Rf7 Ra8 39. Rxf6 Rb8 $2 (39... Kc5 40. Kf1 b4) 40. h6 {[%cal Bh5h6,Bh6h7][%mdl 32] White is clearly winning.} Kc3 41. h7 b4 {[#]} 42. Rb6 $1 {[%mdl 512] Precision: White = 66%, Black = 34%.} 1-0

[Event "93rd ARG-ch 2018"]
[Site "Laprida"]
[Date "2018.07.30"]
[Round "13"]
[White "Lorenzini, Martin"]
[Black "Gomez, Carlos David"]
[Result "1/2-1/2"]
[WhiteElo "2423"]
[BlackElo "2356"]
[Annotator "TA"]
[PlyCount "43"]
[EventDate "2018.07.17"]
[EventType "tourn"]
[EventCountry "ARG"]
[SourceTitle "playchess.com"]
[Source "ChessBase"]
[SourceQuality "1"]

{[%evp 10,43,20,16,16,10,45,21,21,14,12,15,29,-11,0,-11,-6,-4,0,-9,-4,-19,0,0,0,0,0,0,0,-10,0,0,6,-5,0,-6]} 1. Nf3 d5 2. d4 Nc6 3. Bf4 Bg4 4. e3 e6 5. Nbd2 Bd6 6. Bg3 {LiveBook: 25 Games} e5 {D02: 1 d4 d5 2 Nf3 sidelines, including 2...Nf6 3 g3 and 2...Nf6 3 Bf4} (6... Nge7 7. c4 a6 8. a3 Nf5 9. Bxd6 Qxd6 10. h3 Bxf3 11. Qxf3 Nh4 12. Qg4 Ng6 13. Bd3 f5 14. Qh5 {1-0 (50) Yuan,Q (2393)-Ye,R (2461) Shenzhen 2017}) 7. dxe5 Nxe5 8. Be2 (8. c4 {seems wilder.} Nxc4 9. Nxc4 dxc4 10. Bxc4 Nf6 11. Qb3) 8... Nxf3+ 9. Bxf3 Bxf3 10. Qxf3 Nf6 11. O-O Bxg3 {The position is equal.} 12. hxg3 $146 ({Predecessor:} 12. Qxg3 O-O 13. Rad1 Qe7 14. Qf4 {½-½ (43) Vager,I (2174)-Stjazhkina,O (2337) St Petersburg 2000}) 12... Qe7 13. e4 O-O-O {[%cal Rd5e4,Ba8d8,Bd8d5,Bd5e5][%mdl 32]} 14. exd5 Rxd5 15. Rfe1 Re5 (15... Qc5 {is interesting.} 16. Ne4 Nxe4 17. Rxe4 f5 18. Re2 g6) 16. Qf5+ Rxf5 17. Rxe7 Nd5 18. Re2 Nb4 19. Nf3 Rd8 20. c3 Nc6 21. Kf1 Rfd5 22. Rae1 {Precision: White = 52%, Black = 82%.} 1/2-1/2

[Event "93rd ARG-ch 2018"]
[Site "Laprida"]
[Date "2018.07.30"]
[Round "13"]
[White "Slipak, Sergio"]
[Black "Pierrot, Facundo"]
[Result "1/2-1/2"]
[WhiteElo "2411"]
[BlackElo "2389"]
[Annotator "TA"]
[PlyCount "20"]
[EventDate "2018.07.17"]
[EventType "tourn"]
[EventCountry "ARG"]
[SourceTitle "playchess.com"]
[Source "ChessBase"]
[SourceQuality "1"]

{[%evp 17,19,0,8,8]} 1. d4 Nf6 2. Nf3 g6 3. g3 Bg7 4. Bg2 O-O 5. O-O d5 6. c3 c6 7. Bf4 Bf5 8. Qb3 {D02: 1 d4 d5 2 Nf3 sidelines, including 2...Nf6 3 g3 and 2...Nf6 3 Bf4} Qb6 9. Nbd2 Nbd7 {LiveBook: 13 Games} 10. h3 (10. Ne5 Rfe8 11. h3 Nxe5 12. Bxe5 Bh6 13. g4 Be6 14. e3 Nd7 15. Bg3 f5 16. gxf5 Bxf5 {½-½ (48) Sargissian,G (2672)-Saric,I (2669) Riadh 2017}) {Predecessor:} 10... h5 $146 1/2-1/2

[Event "93rd ARG-ch 2018"]
[Site "Laprida"]
[Date "2018.07.30"]
[Round "13"]
[White "Lujan, Carolina"]
[Black "Sosa, Tomas"]
[Result "1/2-1/2"]
[WhiteElo "2329"]
[BlackElo "2467"]
[Annotator "TA"]
[PlyCount "30"]
[EventDate "2018.07.17"]
[EventType "tourn"]
[EventCountry "ARG"]
[SourceTitle "playchess.com"]
[Source "ChessBase"]
[SourceQuality "1"]

{[%evp 22,30,30,41,50,43,34,51,92,89,85]} 1. e4 c5 2. Nf3 Nc6 3. d4 cxd4 4. Nxd4 g6 5. c4 Bg7 6. Be3 Nf6 7. Nc3 O-O 8. Be2 d6 9. O-O Nxd4 10. Bxd4 Bd7 11. h3 Bc6 12. Qc2 {LiveBook: 51 Games. B38: Sicilian: Maroczy Bind with 5...Bg7 and 7...0-0} (12. Bf3 a5 13. Qd2 Nd7 14. Bxg7 Kxg7 15. b3 Qb6 16. Nd5 Bxd5 17. exd5 Qb4 18. Qb2+ Kg8 19. a3 Qb6 {½-½ (29) Romanov,E (2619)-Ivanchuk,V (2713) Batumi 2018}) 12... Qa5 13. a3 Rfc8 14. b4 Qd8 15. Rad1 $146 ({Predecessor:} 15. Rfd1 Qe8 16. a4 b6 17. a5 b5 18. cxb5 Bxe4 19. Qb2 e5 20. Nxe4 Nxe4 21. Bxa7 Rxa7 {1-0 (30) Vega Gutierrez,S (2385)-Neuhauser,S (2085) Saint Quentin 2016}) 15... Qf8 1/2-1/2

[Event "93rd ARG-ch 2018"]
[Site "Laprida"]
[Date "2018.07.30"]
[Round "13"]
[White "Borwell, Alan Peter"]
[Black "Peralta, Fernando"]
[Result "1/2-1/2"]
[WhiteElo "1934"]
[BlackElo "2563"]
[Annotator "TA"]
[PlyCount "47"]
[EventDate "2018.07.17"]
[EventType "tourn"]
[EventCountry "ARG"]
[SourceTitle "playchess.com"]
[Source "ChessBase"]
[SourceQuality "1"]

{[%evp 34,47,0,0,0,0,0,0,0,0,0,0,-7,-6,0,0]} 1. e4 c6 2. d4 d5 3. Nd2 dxe4 4. Nxe4 Bf5 5. Ng3 Bg6 6. h4 h6 7. Nf3 Nd7 8. h5 Bh7 9. Bd3 Bxd3 10. Qxd3 e6 11. Bd2 Ngf6 12. O-O-O Be7 13. Kb1 Qb6 {B19: Classical Caro-Kann: 4...Bf5 main line} 14. Rhe1 O-O 15. Nf5 exf5 16. Rxe7 Qd8 17. Re2 Ne4 18. Bc1 {LiveBook: 12 Games. The position is equal.} Re8 19. g4 fxg4 20. Rxe4 Rxe4 21. Qxe4 {[#]} Nf6 $146 22. Qe5 {[#] Black must now prevent Rg1.} gxf3 23. Rg1 Kh8 24. b3 1/2-1/2